| 000 | 00450cam a2200169ua 4500 | ||
|---|---|---|---|
| 041 |
_aeng _h |
||
| 082 |
_a828.09 _bGRI/BA |
||
| 100 | _aGrierson, Herbert . | ||
| 245 |
_aBackground of English literature: Classical and romantic / _cHerbert Grierson. _hTextual Documents |
||
| 250 |
_a2 / _b. |
||
| 260 |
_aLondon : _bChatto and Windus , _c1962. |
||
| 300 | _a290 ; . | ||
| 504 | _a | ||
| 942 | _cBK | ||
| 999 |
_c3565 _d3565 |
||